<?xml version="1.0" encoding="UTF-8"?>
<record
    xmlns:xsi="http://www.w3.org/2001/XMLSchema-instance"
    xsi:schemaLocation="http://www.loc.gov/MARC21/slim http://www.loc.gov/standards/marcxml/schema/MARC21slim.xsd"
    xmlns="http://www.loc.gov/MARC21/slim">

  <leader>00824cam a2200217   4500</leader>
  <controlfield tag="005">20211015141117.0</controlfield>
  <controlfield tag="008">210923b        mx ||||| |||| 00| 0 spa d</controlfield>
  <datafield tag="020" ind1=" " ind2=" ">
    <subfield code="a">8481510181</subfield>
  </datafield>
  <datafield tag="050" ind1="0" ind2="4">
    <subfield code="a">BX1935</subfield>
    <subfield code="b">D47 1993</subfield>
  </datafield>
  <datafield tag="245" ind1="0" ind2="0">
    <subfield code="a">Derecho matrimonial can&#xF3;nico </subfield>
    <subfield code="b">: aspectos sustantivos y procesales, teor&#xED;a, legislaci&#xF3;n y formularios </subfield>
    <subfield code="c">/ Daniel Tirapu Mart&#xED;nez coordinador ; Blanca Calabr&#xFA;s y Joaqu&#xED;n Mantec&#xF3;n</subfield>
  </datafield>
  <datafield tag="250" ind1=" " ind2=" ">
    <subfield code="a">1a ed.</subfield>
  </datafield>
  <datafield tag="260" ind1=" " ind2=" ">
    <subfield code="a">Granada : </subfield>
    <subfield code="b">Comares, </subfield>
    <subfield code="c">1993</subfield>
  </datafield>
  <datafield tag="300" ind1=" " ind2=" ">
    <subfield code="a">244 p. :</subfield>
    <subfield code="c">22 cm.</subfield>
  </datafield>
  <datafield tag="490" ind1="0" ind2=" ">
    <subfield code="a">Biblioteca Comares de ciencia jur&#xED;dica</subfield>
  </datafield>
  <datafield tag="506" ind1=" " ind2=" ">
    <subfield code="a">Pifi 3.1</subfield>
  </datafield>
  <datafield tag="650" ind1=" " ind2="7">
    <subfield code="2">lemb</subfield>
    <subfield code="a">Matrimonio (Derecho canonico) </subfield>
    <subfield code="z">Espa&#xF1;a </subfield>
  </datafield>
  <datafield tag="650" ind1=" " ind2="7">
    <subfield code="2">lemb</subfield>
    <subfield code="a">Matrimonio </subfield>
    <subfield code="x">Legislaci&#xF3;n </subfield>
    <subfield code="z">Espa&#xF1;a </subfield>
  </datafield>
  <datafield tag="700" ind1="1" ind2=" ">
    <subfield code="a">Calabr&#xFA;s, Blanca</subfield>
    <subfield code="e">coordinador</subfield>
  </datafield>
  <datafield tag="700" ind1="1" ind2=" ">
    <subfield code="a">Mantec&#xF3;n, Joaqu&#xED;n</subfield>
    <subfield code="e">coordinador</subfield>
  </datafield>
  <datafield tag="942" ind1=" " ind2=" ">
    <subfield code="2">lcc</subfield>
    <subfield code="c">LIB</subfield>
  </datafield>
  <datafield tag="999" ind1=" " ind2=" ">
    <subfield code="c">126605</subfield>
    <subfield code="d">126605</subfield>
  </datafield>
  <datafield tag="952" ind1=" " ind2=" ">
    <subfield code="1">0</subfield>
    <subfield code="2">lcc</subfield>
    <subfield code="4">0</subfield>
    <subfield code="7">0</subfield>
    <subfield code="a">LIC-002</subfield>
    <subfield code="b">LIC-002</subfield>
    <subfield code="c">GENERAL</subfield>
    <subfield code="d">2021-09-23</subfield>
    <subfield code="f">1a ed.</subfield>
    <subfield code="i">D</subfield>
    <subfield code="k">CSA</subfield>
    <subfield code="l">0</subfield>
    <subfield code="o">BX1935 D47 1993</subfield>
    <subfield code="p">BFD000012819</subfield>
    <subfield code="r">2021-09-23 00:00:00</subfield>
    <subfield code="t">1</subfield>
    <subfield code="v">1.00</subfield>
    <subfield code="y">LIB</subfield>
  </datafield>
</record>
